Les communes de Haute-Garonne qui touchent la Garonne sur une carte - Statistiques

Statistiques générales
  • Ce quiz a été pris 30 fois
  • Le résultat moyen est 19 sur 81
Réponses sur la Carte
Les réponses sont colorées sur une échelle allant du rouge au vert en fonction du pourcentage des utilisateurs qui les ont devinées à leur premier essai. Vous pouvez retrouver ces pourcentages ci-dessous.
 
Statistiques - réponses
Commune % Correct
Toulouse
96%
Muret
83%
Blagnac
79%
Saint-Gaudens
71%
Carbonne
50%
Cazères
50%
Grenade
46%
Portet-sur-Garonne
46%
Noé
42%
Saint-Jory
42%
Fenouillet
38%
Fos
38%
Martres-Tolosane
38%
Montréjeau
38%
Roques
38%
Saint-Béat-Lez
38%
Saint-Bertrand-de-Comminges
38%
Vieille-Toulouse
38%
Merville
33%
Villeneuve-de-Rivière
33%
Ausson
29%
Beauzelle
29%
Boussens
29%
Melles
29%
Seilh
29%
Gagnac-sur-Garonne
25%
Gourdan-Polignan
25%
Le Fauga
25%
Rieux-Volvestre
25%
Roquettes
25%
Saint-Martory
25%
Capens
21%
Chaum
21%
Cierp-Gaud
21%
Labroquère
21%
Saint-Julien-sur-Garonne
21%
Barbazan
17%
Estancarbon
17%
Labarthe-Inard
17%
Labarthe-Rivière
17%
Mauzac
17%
Pinsaguel
17%
Saubens
17%
Valcabrère
17%
Valentine
17%
Arlos
13%
Bagiry
13%
Beauchalot
13%
Bordes-de-Rivière
13%
Estenos
13%
Eup
13%
Luscan
13%
Marignac
13%
Marquefave
13%
Miramont-de-Comminges
13%
Ondes
13%
Ore
13%
Pointis-de-Rivière
13%
Pointis-Inard
13%
Ponlat-Taillebourg
13%
Roquefort-sur-Garonne
13%
Seilhan
13%
Arnaud-Guilhem
8%
Castillon-de-Saint-Martory
8%
Clarac
8%
Couladère
8%
Fronsac
8%
Gensac-sur-Garonne
8%
Huos
8%
Lestelle-de-Saint-Martory
8%
Mancioux
8%
Mauran
8%
Montaut
8%
Palaminy
8%
Salles-sur-Garonne
8%
Argut-Dessous
4%
Figarol
4%
Galie
4%
Montespan
4%
Montsaunès
4%
Saint-Christaud
4%
Aucun quiz correspondant
Distribution des résultats
% des personnes avec chaque résultat
Percentile par nombre de réponses
Votre historique - résultats
Vous n’avez pas pris ce quiz